[Event "39th Citta Arco Open 2017"]
[Site "Arco"]
[Date "2017.10.12"]
[Round "6"]
[White "Petrov, Nikita"]
[Black "Horvath, Csaba"]
[Result "1-0"]
[WhiteElo "2564"]
[BlackElo "2507"]
[Annotator "TA"]
[PlyCount "77"]
[EventDate "2017.??.??"]
[EventType "swiss"]
[EventCountry "ITA"]
[SourceTitle "playchess.com"]
[Source "ChessBase"]
[SourceQuality "1"]

{[%evp 20,77,22,25,32,22,25,33,26,29,20,20,27,27,29,33,22,39,35,29,36,22,80,30,17,23,21,21,112,75,79,76,119,59,217,197,204,110,106,103,101,107,112,115,205,204,265,273,266,251,639,639,636,628,605,600,29976,29975,6283,449]} 1. Nf3 Nf6 2. c4 b6 3. g3 c5 4. Bg2 Bb7 5. Nc3 g6 6. O-O Bg7 7. d4 cxd4 8. Qxd4 d6 9. Rd1 Nbd7 {[%cal Bb8d7,Bd7c5,Bc5e4][%mdl 32]} 10. Be3 O-O {A30: Englische Eröffnung (Symmetrische Variante)} 11. Qh4 {LiveBook: 80 Partien} Nc5 $146 ({Vorgänger:} 11... a6 12. b3 Re8 13. Rac1 Qb8 14. Bh6 b5 15. Bxg7 Kxg7 16. cxb5 axb5 17. Qb4 Bxf3 18. exf3 {½-½ (64) Magalashvili,D (2489)-Georgiev,K (2644) Konya 2017}) 12. Bh6 Nce4 {Die Stellung ist ausgeglichen.} 13. Bxg7 Kxg7 14. Nd5 e6 15. Nxf6 Qxf6 16. Qxf6+ Kxf6 17. Nd2 Nc5 18. b4 Bxg2 19. bxc5 Bb7 20. cxd6 Rac8 (20... Rfd8 $11) 21. Rac1 Rfd8 22. f4 $36 {[%mdl 2048] Schwarz steht unter Druck.} e5 23. Nb3 a5 (23... exf4 $11 {bleibt in der Remisbreite.} 24. gxf4 a5) 24. d7 Rc6 25. fxe5+ Kxe5 26. Rc3 (26. a4 $16) 26... Rc7 $2 (26... Kf6 $14) 27. c5 $18 {Droht stark Te3+.} Be4 28. Rdc1 ({Günstiger ist} 28. a4 $1 $18) 28... a4 $16 29. Nd2 Rdxd7 30. Nc4+ Ke6 31. cxb6 Rc5 {[#]} (31... Rb7 $16 {war einen Versuch wert.}) 32. Nb2 $1 $18 a3 {[#]} 33. Na4 $1 {[%cal Ra4c5]} Rxc3 34. Rxc3 {Sc5+ ist eine echte Drohung. KTL-KTS} Rd2 $2 (34... Kd6 35. Nc5 (35. Rxa3 Rb7 $16) 35... Re7 36. Nxe4+ Rxe4 37. Rxa3 Rxe2) 35. Nc5+ Ke5 36. Nxe4 Rxa2 37. Nc5 {Und b7 würde nun gewinnen.} Ra1+ 38. Kf2 a2 39. Ra3 {Precision: Weiß = 67%, Schwarz = 49%.} (39. Nb3 $142 Rd1 40. b7) 1-0

[Event "39th Citta Arco Open 2017"]
[Site "Arco"]
[Date "2017.10.12"]
[Round "6"]
[White "Romanishin, Oleg M"]
[Black "Lezzerini, Marco"]
[Result "1-0"]
[WhiteElo "2463"]
[BlackElo "2142"]
[Annotator "TA"]
[PlyCount "57"]
[EventDate "2017.??.??"]
[EventType "swiss"]
[EventCountry "ITA"]
[SourceTitle "playchess.com"]
[Source "ChessBase"]
[SourceQuality "1"]

{[%evp 22,57,41,47,71,54,52,65,91,87,87,90,88,53,46,44,79,77,85,83,89,27,77,73,118,102,122,112,249,249,250,246,252,248,234,236,575,568]} 1. d4 e6 2. g3 c5 3. Nf3 cxd4 4. Nxd4 d5 5. Bg2 Nf6 {[%cal Bg8f6,Bf6d5,Bd5c3][%mdl 32]} 6. O-O Nc6 7. c4 Bc5 8. Nb3 Be7 9. cxd5 Nxd5 10. Nc3 {E01: Catalan: Early deviations} (10. e4 Ndb4 11. Nc3 O-O 12. Be3 Qxd1 13. Raxd1 b6 14. f4 Ba6 15. Rf2 Rad8 16. Rfd2 Rxd2 17. Rxd2 Rd8 18. Bf1 Rxd2 19. Nxd2 Bxf1 20. Kxf1 {1-0 (51) Roiz,M (2658)-Eljanov,P (2716) Netanya 2009}) 10... Nxc3 11. Qxd8+ Bxd8 12. bxc3 {[%cal Bb2c3,Bc3d4][%mdl 32] LiveBook: 4 Games. White is slightly better.} Bf6 13. Rb1 Bd7 $146 ({Predecessor:} 13... Bxc3 14. Ba3 a5 15. Rfc1 Bb4 16. Bxb4 Nxb4 17. Nxa5 O-O {1-0 (43) Romanishin,O (2600)-Salmensuu,O (2420) Linares 1999}) 14. Nd4 Nxd4 15. cxd4 Bc6 16. Bxc6+ bxc6 17. Ba3 O-O-O 18. e3 e5 19. dxe5 Bxe5 20. Rfc1 Kc7 21. Bc5 (21. Rb5 $16 Rhe8 22. Ra5) 21... Ra8 22. Rc4 Rhc8 23. Rbc1 $36 {[%mdl 2048] White is really pushing.} Kb7 24. Re4 Bf6 (24... Re8 $16 {was called for.} 25. Rb4+ Kc7) 25. Rb1+ Kc7 26. Reb4 Kd8 27. Rd1+ Kc7 28. Bd6+ Kd8 $2 {[#]} (28... Kd7 29. Re4 c5 30. Bxc5+ Kc6) 29. Re4 {Precision: White = 79%, Black = 26%.} 1-0

[Event "39th Citta Arco Open 2017"]
[Site "Arco"]
[Date "2017.10.12"]
[Round "6"]
[White "Kasparov, Sergey"]
[Black "De Santis, Alessio"]
[Result "1-0"]
[WhiteElo "2450"]
[BlackElo "2162"]
[Annotator "TA"]
[PlyCount "113"]
[EventDate "2017.??.??"]
[EventType "swiss"]
[EventCountry "ITA"]
[SourceTitle "playchess.com"]
[Source "ChessBase"]
[SourceQuality "1"]

{[%evp 17,113,18,38,37,37,30,26,30,37,33,29,12,13,9,13,18,33,28,31,23,60,84,67,6,115,115,115,110,117,119,115,115,123,115,115,115,152,123,124,131,188,177,177,102,102,93,101,87,87,87,101,87,87,87,206,200,206,206,200,225,1411,687,12845,12845,12847,12847,12849,12849,12850,12851,12851,29951,12851,29954,12851,12851,12851,29947,12851,12851,12851,29979,12851,29979,12851,29980,12851,29981,12851,29964,12851,29987,12851,29988,12851,29989,12851,29990]} 1. e4 d6 2. d4 Nf6 3. Nc3 g6 4. g3 Bg7 5. Bg2 O-O 6. Nge2 e5 7. O-O Nc6 8. dxe5 dxe5 9. Bg5 Qxd1 10. Rfxd1 {B07: Pirc Defence: Miscellaneous Systems} Nb4 (10... h6 11. Be3 Rd8 12. Rxd8+ Nxd8 13. Rd1 Ne6 14. Nd5 h5 15. Ne7+ Kf8 16. Nxc8 Rxc8 17. f3 a6 {1-0 (60) Gustafsson,J (2628)-Kollars,D (2491) Germany 2017}) 11. a3 Nxc2 12. Rac1 {White has an edge.} Nd4 $1 13. Nxd4 exd4 14. Nd5 $146 ({Predecessor:} 14. Nb5 c6 15. Nxd4 h6 16. Bf4 Re8 17. f3 Bd7 {0-1 (27) Diaz Hollemaert,N (2420)-Fusco,L (2249) Argentina 2006}) 14... Nxd5 15. exd5 Be5 16. Bf4 $36 {[%mdl 2048] White fights for an advantage.} Bd6 17. Rxd4 Re8 18. h3 Re7 19. Rdc4 {Strongly threatening Bxd6.} Bf5 20. g4 ({Better is} 20. Bg5 $1 $14 Rd7 21. Bf1) 20... Bxf4 (20... Bd3 $11 21. Bxd6 cxd6) 21. Rxf4 $16 Bd3 {[#]} 22. Rf3 $1 {[%cal Rf3d3]} Bb5 23. Rfc3 c6 24. dxc6 Bxc6 25. Bxc6 bxc6 26. Rxc6 {[%mdl 4096] Endgame KRR-KRR} Kg7 27. Rc7 Rxc7 28. Rxc7 {KR-KR} Rb8 (28... a5 $16 {keeps fighting.} 29. Rb7 Rc8) 29. b4 $18 ({But not} 29. Rxa7 $6 Rxb2 30. a4 Kf6 $16) 29... a5 30. Rc3 (30. bxa5 $18 {aiming for a6.} Rb3 31. a4) 30... axb4 $16 31. Rb3 Kf6 32. axb4 Ke5 33. Kg2 Rb5 34. Kg3 f6 35. h4 h5 (35... Kd5 $16) 36. gxh5 $18 gxh5 {[#]} 37. Kf3 $1 Kd4 38. Kf4 Kc4 $2 (38... Kd5 39. Rd3+ Ke6) 39. Re3 Kxb4 40. Re6 Kc3 41. Rxf6 Rb4+ 42. Kg5 Rg4+ 43. Kxh5 Rg2 44. Rf4 (44. f3 $18 Rg8 45. Kh6) 44... Kd3 45. Kh6 (45. f3 $18 Rg8 46. Kh6) 45... Ke2 46. h5 {[%cal Bh4h5,Bh5h6,Bh6h7][%mdl 32]} Kf1 47. Kh7 (47. f3 $18 Ke2 48. Kh7) 47... Rg5 48. h6 Kg2 49. Kh8 (49. f3 $18 Kh3 50. Kh8) 49... Rg6 50. h7 Kh3 51. f3 Rg5 {[#]} 52. Rg4 $1 Ra5 (52... Rxg4 53. fxg4) 53. Kg7 (53. Rg8 $18 Rh5 54. Kg7) 53... Ra7+ 54. Kh6 Ra6+ 55. Rg6 Ra8 56. Rg8 (56. f4 $18 Kh4 57. f5 Rd8 58. f6 Rf8 59. Kg7 Kh5 60. f7 Rd8 61. Rg1) 56... Ra6+ 57. Kg5 {Precision: White = 64%, Black = 37%.} (57. Kh5 $18 Ra5+ 58. Kg6) 1-0

[Event "39th Citta Arco Open 2017"]
[Site "Arco"]
[Date "2017.10.12"]
[Round "6"]
[White "Bruno, Fabio"]
[Black "Jung, Florian"]
[Result "1-0"]
[WhiteElo "2449"]
[BlackElo "1921"]
[Annotator "TA"]
[PlyCount "79"]
[EventDate "2017.??.??"]
[EventType "swiss"]
[EventCountry "ITA"]
[SourceTitle "playchess.com"]
[Source "ChessBase"]
[SourceQuality "1"]

{[%evp 27,79,79,91,85,87,87,104,90,114,112,126,101,92,79,78,69,66,40,150,145,132,135,140,143,127,129,300,237,411,420,505,505,460,499,486,488,499,440,508,482,462,486,439,464,440,346,29990,1134,914,904,896,896,29995,29996]} 1. d4 Nf6 2. Nf3 e6 3. e3 b6 4. Bd3 Bb7 5. O-O Be7 6. c4 c5 7. Nc3 O-O 8. d5 exd5 9. cxd5 d6 10. e4 Nbd7 11. h3 Re8 {E14: Damenindisch (Zentralsystem)} (11... a6 12. Bf4 b5 13. a3 Qc7 14. Rc1 Ne5 15. Bb1 Nfd7 16. b4 Rac8 17. Nd2 a5 18. Ne2 Qb8 19. bxa5 {½-½ (47) Rakhmanov,A (2655)-Lobanov,S (2433) Kolomna 2016}) 12. Re1 a6 13. a4 Qc7 14. Bc4 Bf8 {LiveBook: 3 Partien} 15. Bg5 $146 ({Vorgänger:} 15. Bf4 g6 16. Qd2 Bg7 17. Bh2 Nh5 18. Kh1 Re7 19. Rad1 Rae8 20. Qd3 {½-½ (49) Mueller,M (2205)-Starostits,I (2480) Germany 2014}) 15... h6 16. Bf4 g6 17. Qd2 Kh7 18. Rad1 Rad8 19. Qc2 Bg7 20. b3 Nh5 21. Bh2 Ne5 22. Be2 Qe7 (22... Nxf3+ $14 23. Bxf3 Nf6) 23. Nd2 $16 Qh4 24. Bxh5 Qxh5 {[#]} 25. f4 $1 {[%cal Rf4e5]} Nd7 26. Nf3 b5 $2 (26... g5 $16) 27. axb5 axb5 $2 (27... Kg8 28. Ne2 g5) 28. Ne2 $18 ({Nicht} 28. Nxb5 Nf6 $16) 28... g5 29. Ng3 Qg6 30. f5 Qf6 {[#]} 31. e5 $1 {[%cal Re5f6][%mdl 512]} Nxe5 (31... dxe5 32. Nh5) 32. Nxe5 Rxe5 33. Rxe5 Qxe5 ({Bitte nicht} 33... dxe5 34. Nh5 $18) 34. f6+ $1 Kg8 35. fxg7 {Sh5 ist eine echte Drohung.} Bxd5 {Falls Schwarz jetzt zu ...De3+ käme, bestünde noch etwas Hoffnung.} 36. Nf5 Be4 $2 (36... Qe6 $18 37. Qf2 Be4) 37. Nxh6+ (37. Bxe5 $142 Bxf5 38. Qxf5 d5 39. Rf1 Rd7 40. Qxd7 f6 41. Qe8+ Kxg7 42. Bxf6+ Kh7 43. Qf7#) 37... Kh7 38. Bxe5 Bxc2 39. Rxd6 Rxd6 40. g8=Q+ {Precision: Weiß = 73%, Schwarz = 33%.} 1-0

[Event "39th Citta Arco Open 2017"]
[Site "Arco"]
[Date "2017.10.12"]
[Round "6"]
[White "Okhotnik, Vladimir"]
[Black "Sprotte, Norbert"]
[Result "1-0"]
[WhiteElo "2432"]
[BlackElo "2154"]
[Annotator "TA"]
[PlyCount "33"]
[EventDate "2017.??.??"]
[EventType "swiss"]
[EventCountry "ITA"]
[SourceTitle "playchess.com"]
[Source "ChessBase"]
[SourceQuality "1"]

{[%evp 10,33,16,0,0,0,0,0,0,0,10,14,17,6,41,29,34,37,153,153,171,178,342,345,334,337]} 1. e4 e6 2. d4 d5 3. Nc3 Bb4 4. exd5 exd5 5. Bd3 Nf6 6. a3 Bxc3+ {C01: French: Exchange Variation} 7. bxc3 O-O 8. Ne2 Nbd7 {The position is equal.} 9. O-O Nb6 (9... Re8 10. Ng3 c5 11. dxc5 Nxc5 12. Be3 Bg4 13. Qc1 Nxd3 14. cxd3 {½-½ (65) Onischuk,V (2608)-Khegay,D (2482) Minsk 2017}) 10. Ng3 Bg4 11. f3 Be6 $146 ({Predecessor:} 11... Bd7 12. Rb1 Rc8 13. Nf5 Rb8 14. Bg5 Bxf5 15. Bxf5 {1-0 (54) Keating,R (2050)-Wan,J (2175) Ankeny 2016}) 12. Bg5 h6 13. Bf4 Nc4 (13... Ne8 $14) 14. Qc1 $1 $16 Nh7 {[#]} 15. Bxh6 $1 {[%mdl 512]} Re8 $2 {[#]} (15... f5) (15... gxh6 16. Qxh6) 16. Bxg7 $1 $18 {[%mdl 512]} Kxg7 {[#]} 17. Nh5+ $1 {Precision: White = 100%, Black = 24%.} 1-0

[Event "39th Citta Arco Open 2017"]
[Site "Arco"]
[Date "2017.10.12"]
[Round "6"]
[White "Gaprindashvili, Valeriane"]
[Black "Almasi, Istvan"]
[Result "1-0"]
[WhiteElo "2352"]
[BlackElo "2421"]
[Annotator "TA"]
[PlyCount "71"]
[EventDate "2017.??.??"]
[EventType "swiss"]
[EventCountry "ITA"]
[SourceTitle "playchess.com"]
[Source "ChessBase"]
[SourceQuality "1"]

{[%evp 9,71,93,92,50,45,45,45,45,45,45,45,51,51,53,58,55,109,110,102,114,105,116,115,89,99,85,104,104,131,131,133,110,99,93,97,88,104,70,84,78,72,37,41,43,93,96,130,128,137,129,127,131,136,93,233,238,208,206,473,416,567,563,557,553]} 1. Nf3 Nf6 2. e3 {[%cal Be2e3,Be3e4,Be4e5][%mdl 32]} c5 3. d4 g6 4. dxc5 Na6 5. Bxa6 bxa6 6. Nc3 {A48: 1 d4 Nf6 2 Nf3 g6: Torre, London and Colle Systems} Bg7 $146 ({Predecessor:} 6... Bb7 7. O-O Bg7 8. Re1 Qc7 9. e4 Qxc5 10. Be3 Qc7 11. Bd4 O-O {1-0 (67) Grachev,B (2652)-Rathnakaran,K (2457) New Delhi 2016}) 7. e4 Bb7 8. Qd4 {White is slightly better.} O-O 9. e5 Ne8 10. Be3 d6 11. cxd6 exd6 12. O-O-O $36 {[%mdl 2048] White fights for an advantage.} Qa5 (12... Bxf3 $14 13. gxf3 Bxe5) 13. Qa4 $1 $16 {[%cal Ra4a5]} Qxa4 14. Nxa4 Bxf3 15. gxf3 {[%cal Bg2f3,Bf3f4][%mdl 32]} Bxe5 16. f4 Bg7 17. Rd5 Rc8 18. b3 Rc6 19. Rhd1 Bh6 20. R1d4 f5 21. Rc4 Rxc4 22. bxc4 Rf7 23. c5 Bf8 24. cxd6 Bxd6 25. Nc5 Rc7 26. Nd3 Ba3+ {[#]} 27. Kd1 $1 Nd6 28. Ra5 Nb5 29. Rxa6 Bf8 30. Ne5 Nc3+ 31. Kd2 Bb4 {[#]} (31... Ne4+ $16 32. Kd1 Bc5) 32. Kd3 $1 $18 Nd1 33. Rc6 ({But not} 33. Bxa7 $6 Nb2+ 34. Ke2 Rxc2+ 35. Kf3 Nc4 $16) (33. Rxa7 Rc3+ 34. Ke2 Nxe3 $14) 33... Rb7 $2 (33... Rxc6 34. Nxc6 Nxe3) 34. Bd4 Rb8 35. Ke2 Rd8 36. Rc4 {Precision: White = 75%, Black = 45%.} ({Less strong is} 36. Kxd1 Rxd4+ 37. Nd3 Bd6 $14) 1-0

[Event "39th Citta Arco Open 2017"]
[Site "Arco"]
[Date "2017.10.12"]
[Round "6"]
[White "Molnar, Bela"]
[Black "Voltolini, Giuseppe"]
[Result "1-0"]
[WhiteElo "2290"]
[BlackElo "2152"]
[Annotator "ChessBase"]
[PlyCount "111"]
[EventDate "2017.??.??"]
[EventType "swiss"]
[EventCountry "ITA"]
[SourceTitle "playchess.com"]
[Source "ChessBase"]
[SourceQuality "1"]
[TimeControl "40/5400+30:1800+30"]

1. d4 Nf6 2. c4 e6 3. Nc3 Bb4 4. a3 Bxc3+ 5. bxc3 d6 6. e3 e5 7. Bd3 c5 8. Ne2 Nc6 9. O-O O-O 10. Qc2 Re8 11. Ng3 b6 12. f4 exd4 13. cxd4 Ng4 14. Rf3 cxd4 15. Bxh7+ Kf8 16. Be4 Bb7 17. Bxc6 Bxc6 18. Qh7 Qf6 19. e4 Qh6 20. Qxh6 Nxh6 21. Rd3 Bxe4 22. Rxd4 Bb7 23. Bd2 Rac8 24. Bb4 Kg8 25. Bxd6 Re3 26. Rc1 Rb3 27. Rd2 Rd8 28. Rcd1 Rc3 29. f5 Ng4 30. h3 Ne3 31. Bb4 Rxd2 32. Rxd2 Rc1+ 33. Kf2 Nxc4 34. Rd8+ Kh7 35. Rd7 Rc2+ 36. Ne2 Be4 37. g4 a5 38. Bc3 Kg8 39. Rd4 Bb7 40. Rd8+ Kh7 41. Rd7 Ba6 42. Ra7 Nd6 43. Rxa6 Ne4+ 44. Kf3 Nxc3 45. Nf4 Ra2 46. Ra7 Rxa3 47. Rxf7 Nd5+ 48. Ke4 Nxf4 49. Kxf4 Rxh3 50. Rb7 Rb3 51. f6 Kg6 52. f7 Rb1 53. f8=N+ Kh6 54. Ne6 Rb4+ 55. Kg3 g5 56. Nf8 1-0

[Event "39th Citta Arco Open 2017"]
[Site "Arco"]
[Date "2017.10.12"]
[Round "6"]
[White "Luciani, Carlo"]
[Black "Battistella, Stefano"]
[Result "1/2-1/2"]
[WhiteElo "2261"]
[BlackElo "2041"]
[Annotator "NA"]
[PlyCount "54"]
[EventDate "2017.??.??"]
[EventType "swiss"]
[EventCountry "ITA"]
[SourceTitle "playchess.com"]
[Source "ChessBase"]
[SourceQuality "1"]
[TimeControl "40/5400+30:1800+30"]

1. e4 g6 2. d4 Bg7 3. h4 d5 4. exd5 Qxd5 {LiveBook: 9 Games} 5. Be3 Nf6 6. Be2 h5 7. Nc3 Qd6 8. Qd2 a6 9. Bf4 Qd8 10. O-O-O Nbd7 $14 11. Nf3 Nb6 12. d5 Bg4 13. Rhe1 O-O 14. Ne5 Bxe2 15. Rxe2 Re8 16. Qe1 Qc8 17. f3 Qf5 18. Qg3 Rad8 19. Red2 Nfd7 20. Re2 Nf6 21. Nxf7 Nfxd5 22. Nxd5 Qxf7 23. Nxe7+ Kh7 24. Rxd8 Rxd8 25. Qxg6+ Qxg6 26. Nxg6 Nc4 27. c3 Kxg6 1/2-1/2

[Event "39th Citta Arco Open 2017"]
[Site "Arco"]
[Date "2017.10.12"]
[Round "6"]
[White "Nazarenus, Moritz"]
[Black "Knors, Rudi"]
[Result "1-0"]
[WhiteElo "2241"]
[BlackElo "2097"]
[Annotator "NA"]
[PlyCount "51"]
[EventDate "2017.??.??"]
[EventType "swiss"]
[EventCountry "ITA"]
[SourceTitle "playchess.com"]
[Source "ChessBase"]
[SourceQuality "1"]
[TimeControl "40/5400+30:1800+30"]

1. d4 d5 2. c4 c6 3. Nf3 Nf6 4. Nc3 e6 5. e3 Nbd7 6. Qc2 Bd6 7. Bd3 dxc4 8. Bxc4 O-O 9. O-O e5 10. Rd1 Qe7 $11 {LiveBook: 105 Games} 11. e4 h6 12. h3 Re8 13. Be3 b5 14. Bf1 b4 15. Ne2 c5 16. d5 Nb6 17. Ng3 Bd7 18. Ba6 Rab8 19. Nd2 Ba4 20. b3 Bd7 21. Rac1 Bc8 22. Bxc8 Rexc8 23. Nf5 Qd7 24. Nxd6 Qxd6 25. Bxc5 Qd7 26. Qb2 1-0

[Event "39th Citta Arco Open 2017"]
[Site "Arco"]
[Date "2017.10.12"]
[Round "6"]
[White "Passerotti, Pierluigi"]
[Black "Panjkovic, Aleksandar"]
[Result "1/2-1/2"]
[WhiteElo "2210"]
[BlackElo "2130"]
[Annotator "NA"]
[PlyCount "73"]
[EventDate "2017.??.??"]
[EventType "swiss"]
[EventCountry "ITA"]
[SourceTitle "playchess.com"]
[Source "ChessBase"]
[SourceQuality "1"]
[TimeControl "40/5400+30:1800+30"]

1. e4 d6 2. Nf3 Nf6 3. Nc3 g6 4. d4 Bg7 5. Be3 a6 6. Bd3 {B08: Pirc Defence: Classical System} b5 7. Ne2 Bb7 8. Ng3 Nbd7 9. c3 c5 10. O-O O-O 11. Re1 Qc7 12. h3 e5 13. Rc1 $146 ({Predecessor:} 13. Qd2 d5 14. Bh6 dxe4 15. Bxe4 Nxe4 16. Nxe4 exd4 17. Bxg7 Kxg7 18. cxd4 {0-1 (32) Movsziszian,K (2440)-Azmaiparashvili,Z (2610) Dortmund 1992}) 13... Rfe8 14. d5 c4 15. Bc2 h6 16. Qd2 Kh7 17. Nh2 Bc8 18. Ng4 Ng8 19. Qe2 Ndf6 20. Kh2 Qe7 21. f3 h5 22. Nxf6+ Qxf6 23. Nf1 h4 24. a4 Bd7 25. Ra1 Bh6 26. Bxh6 Nxh6 27. Ra2 Reb8 28. Rea1 Qd8 29. axb5 axb5 30. Qf2 g5 31. Ra7 Kg6 32. R1a6 Be8 33. Rxa8 Rxa8 34. Rxa8 $11 Qxa8 35. Qb6 f6 36. Ne3 Nf7 37. Nd1 1/2-1/2

[Event "39th Citta Arco Open 2017"]
[Site "Arco"]
[Date "2017.10.12"]
[Round "6"]
[White "De Eccher, Stefano"]
[Black "Tonina, Filippo"]
[Result "1/2-1/2"]
[WhiteElo "2193"]
[BlackElo "2021"]
[Annotator "TA"]
[PlyCount "157"]
[EventDate "2017.??.??"]
[EventType "swiss"]
[EventCountry "ITA"]
[SourceTitle "playchess.com"]
[Source "ChessBase"]
[SourceQuality "1"]

{[%evp 16,157,57,30,52,9,48,20,27,8,31,27,37,16,29,17,43,18,37,33,50,54,95,100,107,106,122,108,177,180,181,180,180,168,175,113,191,183,233,211,432,425,409,377,593,590,712,468,742,395,378,279,250,153,158,79,145,116,185,132,177,8,159,166,158,160,189,190,203,196,219,189,196,170,161,159,222,184,277,228,255,236,390,403,389,405,427,442,499,412,414,400,459,432,479,452,523,445,531,501,462,466,543,485,527,518,485,309,290,235,336,212,323,315,400,289,339,0,0,0,0,0,0,0,0,0,0,0,0,0,0,0,0,0,0,0,0,0,-10,0,0,0,0,0]} 1. e4 d6 2. d4 Nf6 3. Nc3 g6 4. g3 Bg7 5. Bg2 O-O 6. Nge2 Na6 {[%cal Bb8a6,Ba6c7,Bc7e6,Be6c5][%mdl 32]} 7. O-O c5 8. h3 Rb8 {B07: Pirc Defence: Miscellaneous Systems} (8... cxd4 9. Nxd4 Bd7 10. Re1 Nc5 11. Bg5 h6 12. Be3 Rc8 13. Qd2 h5 14. Bg5 Nh7 15. Bh6 Bxh6 16. Qxh6 {0-1 (42) Svidler,P (2722)-Kramnik,V (2791) Moscow 2010}) 9. a4 {LiveBook: 3 Games} b6 10. Bg5 Nc7 $146 ({Predecessor:} 10... Bb7 11. e5 Ne8 12. Nd5 Bxd5 13. Bxd5 dxe5 14. dxc5 Nxc5 15. Nc3 h6 16. Be3 {0-1 (26) Moccero,E (2180)-Garcia,R (2395) Buenos Aires 1994}) 11. Qd2 Bb7 12. Rfe1 Re8 13. Rad1 Ne6 14. Be3 cxd4 15. Nxd4 Nc5 {[%cal Rc5e4]} 16. Bg5 Nfd7 17. Bh6 Bh8 18. f4 a5 19. Ndb5 Bc6 {...Nxa4 would now be nice for Black.} 20. b3 Ra8 21. Bg5 Qc8 (21... Bxc3 $16 {was worth a try.} 22. Nxc3 (22. Qxc3 Bxb5 23. axb5 Rc8 $14) 22... Qc8) 22. Nd5 $18 Bxd5 23. exd5 (23. Qxd5 $6 Ne6 $16) 23... Nf6 24. Nd4 Ra7 25. Qe2 (25. f5 $18) 25... e5 (25... Rc7 $16) 26. Nc6 (26. fxe5 Rxe5 27. Be3 Nfe4 $11) 26... Rc7 27. fxe5 Rxc6 $2 {[#]} (27... dxe5 28. Qb5 e4) 28. dxc6 Rxe5 29. Be3 d5 (29... Ne8 $142 30. Qc4 Qc7) 30. Qb5 Qe6 31. c7 Ne8 (31... Rxe3 $142 32. c8=Q+ Qxc8) 32. c8=Q Qxc8 33. Bxc5 bxc5 34. Rxe5 ({Less strong is} 34. Bxd5 Qxh3 35. Qxe8+ (35. Qxa5 Qxg3+ 36. Bg2 Re3 $17) 35... Rxe8 $11) 34... Bxe5 35. Re1 ({Better is} 35. Qxa5 {Qe1 is the strong threat.} Nf6 36. Qb6) 35... Bd4+ (35... Nd6 $142 36. Qxa5 Ne4) 36. Kh2 $16 Nd6 (36... Nf6 $16) 37. Qd3 $36 {[%mdl 2048] White is on the roll.} (37. Qxa5 $18 Kg7 38. Re2) 37... Qb8 38. Qe2 $2 (38. Bxd5 $18 Nf5 39. Kg2) 38... Qb4 $2 (38... Kg7 $11) 39. Bxd5 Kg7 40. Rf1 {aiming for Bxf7!} Qc3 41. Qd3 Qb2 42. Re1 Nf5 43. Be4 Nd6 44. Qe2 Qc3 45. Bd3 Bf6 (45... Qb4 $16 {is a better defense.} 46. Rf1 Qb7) 46. Kg2 Nb7 (46... Qb4 {was necessary.} 47. Rf1 Qd4) 47. Rf1 Nd8 48. Qe1 Qd4 $2 (48... Nc6 {keeps fighting.} 49. Bb5 Qxe1 50. Rxe1 Nd4) 49. Qxa5 $18 Qd5+ 50. Kh2 Nc6 51. Qa6 Be5 52. Qc4 Qd7 53. Qxc5 Bd6 54. Qc3+ Ne5 55. Be4 h5 56. Rd1 Qe7 57. Kg2 h4 58. g4 f6 59. Bd5 Nxg4 60. Re1 Ne5 {If only Black now had time for ...Bb4....} 61. Qd4 Qc7 62. c4 Qa5 (62... g5 $142 63. Kh1 Qd7) 63. Re2 g5 (63... Qb4 {was called for.} 64. Qa7+ (64. Qxh4 Nd3 $16) 64... Kh6) 64. Be4 Bc5 65. Qd2 Qb6 66. Bf5 $2 ({White should play} 66. Qd5 $18) 66... Qxb3 $11 {[#] ( -> ...Qg3+). The position is equal.} 67. Rxe5 $1 {[%mdl 512]} Qg3+ (67... fxe5 68. Qxg5+) 68. Kf1 {Threatening mate with Qd7+.} Qxe5 69. Qd7+ Be7 70. Be6 Qa1+ 71. Ke2 Qb2+ 72. Kd3 Qb3+ 73. Ke4 Qc2+ 74. Kf3 Qc3+ 75. Ke4 Qc2+ 76. Kd4 Qd2+ 77. Ke4 Qc2+ 78. Ke3 Qc3+ 79. Ke4 {Precision: White = 55%, Black = 25%.} 1/2-1/2

[Event "39th Citta Arco Open 2017"]
[Site "Arco"]
[Date "2017.10.12"]
[Round "6"]
[White "Pedersen, Henrik Bolding"]
[Black "Vezzosi, Paolo"]
[Result "1/2-1/2"]
[WhiteElo "2125"]
[BlackElo "2299"]
[Annotator "NA"]
[PlyCount "63"]
[EventDate "2017.??.??"]
[EventType "swiss"]
[EventCountry "ITA"]
[SourceTitle "playchess.com"]
[Source "ChessBase"]
[SourceQuality "1"]
[TimeControl "40/5400+30:1800+30"]

1. Nf3 c5 2. e4 e6 3. c3 d5 4. exd5 Qxd5 5. d4 Nf6 6. Na3 Nc6 7. Be2 Qd8 8. Nc2 Be7 9. O-O O-O {LiveBook: 56 Partien} 10. dxc5 Bxc5 11. Be3 {B22: Sizilianisch (Alapin 2.c3)} Qe7 (11... Bxe3 12. Nxe3 b6 13. Qa4 Bb7 14. Rfd1 Qc7 15. Ba6 Bxa6 16. Qxa6 Rfd8 17. h3 h6 18. Qc4 Qb7 {½-½ (37) Drazic,S (2473)-Markus,R (2622) Kragujevac 2013}) 12. Ncd4 $146 ({Vorgänger:} 12. Nfd4 Bd7 13. Nb3 Bd6 14. Bf3 Rad8 15. Bg5 Ne5 16. Ncd4 Bc8 17. h3 h6 18. Bh4 Ng6 19. Bxf6 Qxf6 {0-1 (32) Den Boer,L (2014)-De Jong,M (2358) Vlissingen 2012}) 12... Bd7 13. Nxc6 Bxc6 14. Bxc5 Qxc5 15. Qd4 Qa5 16. Ne5 Bd5 17. c4 Be4 18. Ng4 Nxg4 19. Qxe4 Nf6 20. Qc2 b6 21. a3 Rac8 $11 22. b4 Qg5 23. Rfd1 h5 24. Bf3 Qf4 25. Rac1 e5 26. Be2 Rc7 27. g3 Qh6 28. Rd6 h4 29. Rcd1 e4 30. Rd8 Rc8 31. Rxf8+ Rxf8 32. Qc3 1/2-1/2